| 000 | 01313cam a2200349 i 4500 | ||
|---|---|---|---|
| 001 | 200446640 | ||
| 999 |
_c200446640 _d64852 |
||
| 003 | TR-AnTOB | ||
| 005 | 20240826144952.0 | ||
| 007 | ta | ||
| 008 | 200103s2012 tu 000 0 tur d | ||
| 020 | _a9786058940147 | ||
| 040 |
_aBGZ _beng _erda _cBGZ _dTR-AnTOB |
||
| 041 | 0 | _atur | |
| 050 | 1 | 4 |
_aPL210.C58 _bŞ44 2012 |
| 090 |
_aPL210.C58 _bŞ44 2012 |
||
| 245 | 0 | 0 |
_aŞehir ve korku : _bİTEF - 2012 İstanbul Tanpınar edebiyat festivali / _cFatma Cihan Akkartal editörlüğünde ; yayına hazırlayanlar Beril Akyürek, Ezgi Hamzaçebi, Tuğba Tüysüz. |
| 246 | 3 | _aİTEF - 2012 İstanbul Tanpınar edebiyat festivali | |
| 246 | 3 | _aİstanbul Tanpınar edebiyat festivali | |
| 250 | _a1. Baskı: Kasım 2012. | ||
| 264 | 1 |
_aİstanbul : _bİstanbul Tanpınar edebiyat festivali yayınları, _c2012. |
|
| 300 |
_a204 pages : _c21 cm |
||
| 336 |
_atext _2rdacontent _btxt |
||
| 337 |
_aunmediated _2rdamedia _bn |
||
| 338 |
_avolume _2rdacarrier _bnc |
||
| 490 | 0 |
_aİstanbul Tanpınar edebiyat festivali yayınları ; _v3 |
|
| 650 | 7 |
_aKentler ve kasabalar, Edebiyatta _2etuturkob _9135120 |
|
| 700 | 1 |
_aCihan Akkartal, Fatma _eeditor _9135117 |
|
| 700 | 1 |
_aAkyürek, Beril _eeditor _9135118 |
|
| 700 | 1 |
_aTüysüz, Tuğba _9135119 |
|
| 942 |
_2lcc _cBK |
||